[Event "Druzynowe Mistrzostw Polski Juniorow - II Liga"]
[Site "Wroclaw"]
[Date "1899-12-30"]
[Round "1.51"]
[White "Penar, Marcin"]
[Black "Pycinski, Wladyslaw"]
[Result "0-1"]
[WhiteTitle "II"]
[BlackTitle "I"]
[WhiteElo "1296"]
[BlackElo "1701"]

1. d4 d5 2. c4 e6 3. Nc3 c6 4. Nf3 dxc4 5. a4 Bb4 6. e4 b5 7. Be2 Nf6 8. Qc2 h6
9. O-O O-O 10. Bf4 Bb7 11. Rfd1 a6 12. Bg3 Nbd7 13. Bh4 Qb6 14. h3 Rfe8 15. Nh2
Be7 16. e5 Nd5 17. Nxd5 cxd5 18. Bxe7 Rxe7 19. axb5 axb5 20. Rxa8+ Bxa8 21. Ra1
Bc6 22. Qc3 b4 23. Qd2 Re8 24. Nf3 Ra8 25. Qe1 Rxa1 26. Qxa1 Nb8 27. g4 Bb7 28.
Qa4 Nc6 29. Bd1 Qa5 30. Qc2 Qa1 31. Kg2 b3 0-1

[Event "Druzynowe Mistrzostw Polski Juniorow - II Liga"]
[Site "Wroclaw"]
[Date "1899-12-30"]
[Round "1.52"]
[White "Tim, Wojciech"]
[Black "Schiller, Marcin"]
[Result "0-1"]
[WhiteTitle "II"]
[BlackTitle "II"]
[WhiteElo "1300"]
[BlackElo "1214"]

1. e4 e6 2. d4 d5 3. Nd2 Nf6 4. e5 Nfd7 5. Bd3 c5 6. c3 Nc6 7. Ne2 Qb6 8. Nf3 cxd4
9. cxd4 Bb4+ 10. Bd2 Bxd2+ 11. Qxd2 Qb4 12. Rc1 Qxd2+ 13. Kxd2 Nb6 14. Nc3 a6
15. Rb1 Nc4+ 16. Bxc4 dxc4 17. a4 Na5 18. Ke3 O-O 19. Nd2 Bd7 20. Rhc1 Nb3 21.
Rc2 Nxd2 22. Kxd2 Bc6 23. f3 b5 24. axb5 axb5 25. Nd1 Bd5 26. Ne3 Rfc8 27. Nxd5
exd5 28. Kc3 Ra4 29. Kd2 b4 30. Rcc1 Rca8 31. Rc2 g6 32. h3 Kf8 33. Ke3 Ra1 34.
Rcc1 Rxb1 35. Rxb1 Ke7 36. Kd2 Kd7 37. Kc2 Kc6 38. Re1 Ra2 39. Kb1 Ra7 40. Kc2
Kb5 41. e6 fxe6 42. Rxe6 b3+ 43. Kb1 Ra6 44. Re7 Rb6 45. Rd7 Kb4 46. Rxd5 c3 47.
Rc5 c2+ 48. Kc1 Ra6 49. Kd2 Ra1 50. Rc8 Rd1+ 0-1

[Event "Druzynowe Mistrzostw Polski Juniorow - II Liga"]
[Site "Wroclaw"]
[Date "1899-12-30"]
[Round "1.53"]
[White "Bartoszek, Julia"]
[Black "Tim, Anna"]
[Result "1-0"]
[WhiteTitle "I"]
[BlackTitle "I"]
[WhiteElo "1285"]
[BlackElo "1159"]

1. e4 e6 2. d4 d5 3. e5 c5 4. c3 Nc6 5. Nf3 Qb6 6. a3 Bd7 7. dxc5 Bxc5 8. Qc2 Qc7
9. Bf4 Nge7 10. b4 Bb6 11. Bd3 Rc8 12. Nbd2 a5 13. Rc1 axb4 14. axb4 h6 15. O-O
O-O 16. Qb2 Qd8 17. Nb3 f5 18. exf6 Rxf6 19. Bg3 Ng6 20. Qc2 Qe8 21. Bxg6 Rxg6
22. Qe2 Ne7 23. Rfe1 Nf5 24. Be5 Qe7 25. Nbd4 Nxd4 26. Nxd4 Bxd4 27. Bxd4 Qg5
28. g3 Re8 29. Qc2 Qf5 30. Qxf5 exf5 31. Rxe8+ Bxe8 32. Re1 Kf7 33. Re5 Re6 34.
Rxf5+ Kg6 35. Rf4 Bc6 36. Rg4+ Kf7 37. Rxg7+ Kf8 38. Rg4 Bd7 39. Rh4 Bc6 40. Be3
Kg7 41. Kf1 Bb5+ 42. Ke1 Rc6 43. Kd2 Re6 44. Rh5 Bc4 45. Bd4+ Kg6 46. Re5 Ra6
47. Ke3 b5 48. h4 h5 49. Rg5+ Kf7 50. Rxh5 Re6+ 51. Re5 Rg6 52. Kf4 Rc6 53. Rg5
Ke7 54. Ke3 Kf7 55. Rg7+ Kf8 56. Rg5 Kf7 57. Kf4 Ke7 58. h5 Rh6 59. g4 Kf7 60.
Rf5+ Ke7 61. Kg5 Rc6 62. h6 Ra6 63. h7 Ra8 64. h8=Q Rxh8 65. Bxh8 1-0

[Event "Druzynowe Mistrzostw Polski Juniorow - II Liga"]
[Site "Wroclaw"]
[Date "1899-12-30"]
[Round "1.54"]
[White "Nieckarz, Maja"]
[Black "Kretowicz, Daria"]
[Result "1-0"]
[WhiteTitle "I"]
[BlackTitle "I"]
[WhiteElo "1432"]
[BlackElo "1124"]

1. e4 c5 2. Nf3 e6 3. d4 cxd4 4. Nxd4 a6 5. Bc4 Qc7 6. Bb3 Nf6 7. Qe2 Bc5 8. Nf3
d6 9. O-O Nbd7 10. c3 O-O 11. Bc2 b5 12. Be3 Bxe3 13. Qxe3 Bb7 14. Nbd2 Rac8 15.
Bb3 Qc6 16. Nd4 Qb6 17. Rfe1 Rfe8 18. Qg5 h6 19. Qh4 b4 20. Nc4 Qc5 21. Re3 bxc3
22. bxc3 Ne5 23. Nxe5 Qxe5 24. Rae1 Qc5 25. Rg3 Kh7 26. e5 dxe5 27. Bc2+ Kh8 28.
Nb3 Qd6 29. h3 Qd5 30. Ree3 Rc4 31. Nd4 exd4 32. Rxg7 Nh5 33. Rh7+ Kg8 34. Qg4+
Qg5 35. Qxg5+ hxg5 36. Re5 f6 37. Re1 Rxc3 38. Bb1 Bd5 39. Rxh5 Rec8 40. Kh2 Rc1
41. Rxc1 Rxc1 42. Bd3 Rc3 43. Bxa6 Bxa2 44. h4 gxh4 45. Rxh4 e5 46. Re4 Bc4 47.
Bc8 d3 48. Rxc4 Rxc4 49. Be6+ Kg7 50. Bxc4 e4 51. Kg3 f5 52. Kf4 Kf6 53. f3 d2
54. Bb3 exf3 55. gxf3 Kg6 56. Ke3 Kg5 57. Kxd2 f4 58. Kd3 Kf5 59. Kd4 1-0

[Event "Druzynowe Mistrzostw Polski Juniorow - II Liga"]
[Site "Wroclaw"]
[Date "1899-12-30"]
[Round "1.55"]
[White "Owoc, Jakub"]
[Black "Makhynia, Kostiantyn"]
[Result "1-0"]
[WhiteTitle "I"]
[BlackTitle "II"]
[WhiteElo "1756"]
[BlackElo "1717"]

1. e4 c5 2. Nf3 Nc6 3. Bb5 e5 4. Bxc6 dxc6 5. d3 f6 6. Be3 Be6 7. Nbd2 Qd7 8. Qe2
O-O-O 9. Nb3 b6 10. O-O g5 11. Rfd1 Qf7 12. Nfd2 Nh6 13. a4 Ng4 14. a5 Nxe3 15.
fxe3 Kb7 16. axb6 axb6 17. Ra4 b5 18. Ra5 Bd6 19. c4 Ra8 20. Rda1 Rxa5 21. Rxa5
Ra8 22. Rxa8 Kxa8 23. Qf1 Kb7 24. Qc1 Kb6 25. Qa1 bxc4 26. Qa5+ Kb7 27. dxc4 Bxc4
28. Nxc5+ Bxc5 29. Qxc5 Bb5 30. h3 Qd7 31. Nc4 Bxc4 32. Qxc4 Kc7 33. b4 Kd6 34.
Qg8 Qe7 35. Qc8 h5 36. Kf2 Qd7 37. Qb8+ Ke7 38. Qb6 Kf7 39. Kg1 g4 40. hxg4 hxg4
41. Kf2 Kg6 42. Qa6 Kg5 43. Qa2 Kh4 44. g3+ Kh5 45. Ke2 Qh7 46. Kd3 Qd7+ 47. Ke2
Qh7 48. Kd3 Qd7+ 49. Ke2 Qb7 50. Qg8 Qb5+ 51. Kf2 Qxb4 52. Qh7+ Kg5 53. Qf5+ Kh6
54. Qxf6+ Kh7 55. Qh4+ Kg6 56. Qxg4+ Kh6 57. Qe6+ Kh7 58. Qxe5 c5 59. Qf5+ Kg7
60. e5 Qd2+ 61. Kf3 Qd1+ 62. Kf4 Qc1 63. e6 c4 64. Qe5+ Kg6 65. Qe4+ Kf6 66. Qf5+
Kg7 67. Qg5+ Kh7 68. e7 Qf1+ 69. Ke5 Qa1+ 70. Ke6 c3 71. Qh5+ Kg7 72. e8=N+ 1-0

[Event "Druzynowe Mistrzostw Polski Juniorow - II Liga"]
[Site "Wroclaw"]
[Date "1899-12-30"]
[Round "1.56"]
[White "Gajec, Roza"]
[Black "Krupinski, Mikolaj"]
[Result "0-1"]
[WhiteTitle "I"]
[BlackTitle "I"]
[WhiteElo "1268"]
[BlackElo "1747"]

1. e4 c5 2. Nf3 Nc6 3. d4 cxd4 4. Nxd4 Nf6 5. Nc3 d6 6. Be2 e5 7. Nb3 Be7 8. Be3
O-O 9. h3 Be6 10. Qd2 a5 11. O-O a4 12. Nc1 Qa5 13. a3 Rfd8 14. Bf3 Rac8 15. N1e2
d5 16. exd5 Nxd5 17. Nxd5 Qxd2 18. Bxd2 Bxd5 19. Bxd5 Rxd5 20. Bc3 Nd4 21. Bxd4
exd4 22. c3 d3 23. Nf4 Rd6 24. Rad1 d2 25. Ne2 Bf6 26. Ng3 Rcd8 27. Ne4 Rb6 28.
Nxf6+ Rxf6 29. Rb1 Rfd6 30. Rfd1 Kf8 31. b3 Rb6 32. b4 Ke7 33. Rb2 Rbd6 34. Kf1
Rd3 35. Rc2 Rc8 36. Rcxd2 Rxd2 37. Rxd2 Rxc3 38. Re2+ Kd6 39. Rd2+ Kc6 40. Ra2
Kb5 41. Ke1 Kc4 42. Kd2 Kb3 43. Ra1 Rc2+ 0-1

[Event "Druzynowe Mistrzostw Polski Juniorow - II Liga"]
[Site "Wroclaw"]
[Date "1899-12-30"]
[Round "1.57"]
[White "Piatek, Szymon"]
[Black "Rzasa, Mateusz"]
[Result "1/2-1/2"]
[WhiteTitle "II"]
[BlackTitle "II"]
[WhiteElo "1322"]
[BlackElo "1034"]

1. e4 c6 2. d4 d5 3. Nd2 dxe4 4. Nxe4 Nf6 5. Ng3 g6 6. Nf3 Bg7 7. Bc4 Bg4 8. Bxf7+
Kxf7 9. Ne5+ Ke8 10. Nxg4 Nxg4 11. Qxg4 Qxd4 12. Qxd4 Bxd4 13. O-O Nd7 14. c3
Bg7 15. Re1 Nf6 16. Bg5 Kf7 17. Re2 Rhe8 18. Rae1 Rad8 19. h4 h6 20. Be3 b6 21.
f3 Nd5 22. Ne4 Rd7 23. g4 Nxe3 24. Rxe3 Rf8 25. Ng3 Bf6 26. h5 Bh4 27. hxg6+ Kxg6
28. Kg2 Rd2+ 29. R1e2 Rxe2+ 30. Nxe2 Rd8 31. Nd4 c5 32. Re6+ Bf6 33. Nb3 Kf7 34.
Re4 Rd1 35. Re2 Bg5 36. Kg3 Rf1 37. Nd2 Ra1 38. a3 1/2-1/2

[Event "Druzynowe Mistrzostw Polski Juniorow - II Liga"]
[Site "Wroclaw"]
[Date "1899-12-30"]
[Round "1.59"]
[White "Szopa, Emilia"]
[Black "Pietrzak, Emilia"]
[Result "1-0"]
[WhiteTitle "I++"]
[BlackTitle "I+"]
[WhiteElo "1816"]
[BlackElo "1374"]

1. e4 c5 2. g3 e6 3. Bg2 g6 4. Ne2 Bg7 5. c3 Ne7 6. O-O O-O 7. d4 d6 8. Be3 Qc7
9. Na3 a6 10. f4 f5 11. dxc5 dxc5 12. e5 Rd8 13. Qb3 Nd5 14. Bf2 Nc6 15. Nc4 Na5
16. Nxa5 Qxa5 17. Rad1 c4 18. Qxc4 b5 19. Qb3 Bb7 20. c4 bxc4 21. Qxb7 Rab8 22.
Qc6 Rb6 23. Bxb6 1-0

[Event "Druzynowe Mistrzostw Polski Juniorow - II Liga"]
[Site "Wroclaw"]
[Date "1899-12-30"]
[Round "1.60"]
[White "Opalka, Marta"]
[Black "Pajak, Patrycja"]
[Result "1-0"]
[WhiteTitle "I"]
[BlackTitle "I"]
[WhiteElo "1249"]
[BlackElo "1078"]

1. Nf3 Nf6 2. c4 g6 3. Nc3 Bg7 4. d4 O-O 5. e4 d6 6. Be2 Nbd7 7. O-O e5 8. h3 Qe7
9. Qc2 exd4 10. Nxd4 Nxe4 11. Nd5 Qh4 12. Nf3 Qd8 13. Qxe4 Re8 14. Qc2 a5 15.
Bg5 f6 16. Bf4 Nc5 17. Rfe1 Bf5 18. Qc1 Be6 19. Nc3 Qd7 20. Qd2 Qf7 21. Nb5 Red8
22. Nfd4 Rac8 23. Nxe6 Nxe6 24. Bf3 Nxf4 25. Qxf4 Rb8 26. Bd5 1-0

[Event "Druzynowe Mistrzostw Polski Juniorow - II Liga"]
[Site "Wroclaw"]
[Date "1899-12-30"]
[Round "1.61"]
[White "Piechota, Kamil"]
[Black "Rog, Bartlomiej"]
[Result "0-1"]
[WhiteTitle "I"]
[BlackTitle "k"]
[WhiteElo "1728"]
[BlackElo "2091"]

1. c4 d6 2. e3 g6 3. Nf3 e5 4. d4 e4 5. Nfd2 f5 6. Nc3 Nf6 7. b4 Bg7 8. Bb2 O-O
9. Be2 Nc6 10. a3 f4 11. b5 fxe3 12. fxe3 Ne7 13. Ndxe4 Nxe4 14. Nxe4 d5 15. Ng3
c6 16. Bc3 dxc4 17. Bxc4+ Kh8 18. Bb4 cxb5 19. Bxb5 a5 20. Bd2 Qd5 21. Qe2 Bg4
22. Bc4 Qg5 23. Qd3 Nc6 24. h4 Qf6 25. Ne4 Qe7 26. Nf2 Nxd4 27. Nxg4 Rad8 28.
Qb1 Qd7 29. Qd1 Nc2+ 30. Qxc2 Qxg4 31. Rb1 Qxg2 32. Rf1 Rxf1+ 33. Bxf1 Qg3+ 34.
Ke2 Rf8 35. Be1 Qf3+ 36. Kd2 Qxf1 37. Qc7 Qg2+ 38. Kc1 Qg4 39. Rxb7 Qc8 40. Bxa5
Rf1+ 41. Kc2 Qf5+ 42. Kb3 Qd3+ 43. Ka4 Qd1+ 44. Kb5 Qd3+ 45. Ka4 Qd1+ 46. Kb5
Rf5+ 47. Ka6 Qd3+ 48. Ka7 Qxe3+ 49. Ka8 Rf8+ 50. Rb8 Qxa3 51. Ka7 h5 52. Rb7 Bd4+
53. Ka6 Qd3+ 54. Rb5 Ra8+ 0-1

[Event "Druzynowe Mistrzostw Polski Juniorow - II Liga"]
[Site "Wroclaw"]
[Date "1899-12-30"]
[Round "1.62"]
[White "Czechowski, Jakub"]
[Black "Zimny, Karol"]
[Result "1-0"]
[WhiteTitle "I++"]
[BlackTitle "II"]
[WhiteElo "2003"]
[BlackElo "1224"]

1. d4 Nf6 2. c4 e6 3. Nc3 Bb4 4. f3 c5 5. d5 d6 6. e4 e5 7. Qc2 O-O 8. Bd3 b6 9.
Nge2 Ne8 10. Be3 Bd7 11. O-O Bxc3 12. Nxc3 Na6 13. a3 Qc8 14. f4 h6 15. f5 Nf6
16. h3 Kh7 17. Rf3 Ng8 18. Raf1 f6 19. g4 Ne7 20. Qg2 Qd8 21. h4 g5 22. hxg5 fxg5
23. Bxg5 hxg5 24. Qh2+ Kg8 25. Qh6 Kf7 26. f6 Ng8 27. Qh5# 1-0

[Event "Druzynowe Mistrzostw Polski Juniorow - II Liga"]
[Site "Wroclaw"]
[Date "1899-12-30"]
[Round "1.63"]
[White "Kordowski, Lukasz"]
[Black "Lewek, Jakub"]
[Result "0-1"]
[WhiteTitle "III"]
[BlackTitle "II"]
[WhiteElo "1102"]
[BlackElo "1277"]

1. e4 e5 2. Nf3 Nc6 3. Bb5 a6 4. Ba4 Nf6 5. O-O b5 6. Bb3 Bc5 7. d3 O-O 8. Bg5
h6 9. Bh4 Rb8 10. Nc3 Be7 11. Bg3 d6 12. h3 g5 13. Nd5 g4 14. hxg4 Bxg4 15. Ne3
Bh5 16. c3 Kh7 17. Qd2 Bxf3 18. gxf3 Nh5 19. Ng2 Bg5 20. Qc2 Kh8 21. Kh2 Nf4 22.
Rh1 Na5 23. Kg1 Nxb3 24. axb3 Ra8 25. Ne3 Rg8 26. Kf1 c6 27. Nf5 Rg6 28. d4 exd4
29. cxd4 c5 30. Rd1 Rc8 31. dxc5 Qf8 32. c6 Rc7 33. e5 dxe5 34. Rd7 Rgxc6 35.
Rxc7 Rxc2 36. Rxc2 Qd8 37. Ke1 Qd3 38. Rc8+ Kh7 39. Bxf4 Bxf4 40. Ne3 Bxe3 41.
fxe3 Qxe3+ 42. Kf1 Qxf3+ 0-1

[Event "Druzynowe Mistrzostw Polski Juniorow - II Liga"]
[Site "Wroclaw"]
[Date "1899-12-30"]
[Round "1.64"]
[White "Ziobrowski, Wojciech"]
[Black "Furas, Pawel"]
[Result "0-1"]
[WhiteTitle "II"]
[BlackTitle "III"]
[WhiteElo "1145"]
[BlackElo "1052"]

1. e4 c5 2. Nf3 d6 3. d4 cxd4 4. Nxd4 Nf6 5. Nc3 g6 6. Be2 Bg7 7. Be3 O-O 8. h3
Nc6 9. Qd2 d5 10. Nxc6 bxc6 11. exd5 cxd5 12. O-O-O Be6 13. Bf3 Qc7 14. Bh6 Bxh6
15. Qxh6 Qa5 16. a3 Rab8 17. Rd4 Rxb2 18. Kxb2 Rb8+ 19. Rb4 Rxb4+ 20. axb4 Qxb4+
21. Kc1 Qxc3 22. Rd1 Bf5 23. Rd3 Bxd3 24. Bd1 Bf5 25. g4 Be6 26. Qf4 Ne4 27. Kb1
Nd2+ 28. Kc1 Nb3+ 29. Kb1 Qa1# 0-1

[Event "Druzynowe Mistrzostw Polski Juniorow - II Liga"]
[Site "Wroclaw"]
[Date "1899-12-30"]
[Round "1.65"]
[White "Czerwinska, Oliwia"]
[Black "Pietryk, Joanna"]
[Result "0-1"]
[WhiteTitle "I"]
[BlackTitle "I"]
[WhiteElo "1435"]
[BlackElo "1417"]

1. e4 c5 2. c3 d6 3. d4 Nf6 4. Bd3 Nc6 5. d5 Ne5 6. Bc2 g6 7. Nd2 Bg7 8. h3 O-O
9. f4 Ned7 10. Ngf3 Nh5 11. Nf1 Nb6 12. g4 Nf6 13. Ng3 e6 14. dxe6 Bxe6 15. f5
Bc4 16. g5 Ne8 17. f6 Nxf6 18. gxf6 Qxf6 19. Bg5 Qe6 20. Bb3 d5 21. Bxc4 Nxc4
22. Qxd5 Nxb2 23. Bd2 Qxd5 24. exd5 Rfe8+ 25. Kf1 Nc4 26. Rb1 b6 27. Ne2 Rad8
28. Bg5 Rxd5 29. Kf2 h6 30. Bc1 Ne5 31. Nxe5 Rdxe5 32. Rb2 Rf5+ 33. Kg2 Rd8 34.
Rf1 Rxf1 35. Kxf1 Rd1+ 36. Kg2 Bxc3 37. Nxc3 Rxc1 38. Nb5 a5 39. Na3 Kf8 40. Rxb6
Ke7 41. Rb5 a4 42. Rb1 Rc3 43. Nb5 Rc2+ 44. Kg3 Kd7 45. a3 Kc6 46. Kf4 Rd2 47.
Nc3 Rd3 0-1

[Event "Druzynowe Mistrzostw Polski Juniorow - II Liga"]
[Site "Wroclaw"]
[Date "1899-12-30"]
[Round "1.66"]
[White "Mataczyna, Aleksandra"]
[Black "Figa, Karolina"]
[Result "1-0"]
[WhiteTitle "II+"]
[BlackTitle "I+"]
[WhiteElo "1117"]
[BlackElo "1352"]

1. e4 c6 2. d4 d5 3. Nc3 dxe4 4. Nxe4 Nf6 5. Nxf6+ exf6 6. c3 Bd6 7. Bd3 O-O 8.
Qc2 Re8+ 9. Ne2 h6 10. O-O Bg4 11. Ng3 Qc7 12. Bd2 Nd7 13. Bf5 Bxf5 14. Qxf5 c5
15. Qg4 Kh7 16. Nf5 Bf8 17. Bf4 Re4 18. Bxc7 Rxg4 19. f3 Rc8 20. fxg4 Rxc7 21.
Rad1 cxd4 22. Rxd4 Bc5 23. Rfd1 Ne5 24. Kf1 Bxd4 25. Rxd4 Rc5 26. h3 b5 27. Ne3
g6 28. Rd5 Rxd5 29. Nxd5 Nd3 30. Nxf6+ Kg7 31. Ne8+ Kf8 32. Nc7 b4 33. cxb4 Nxb4
34. a3 Nc6 35. Nd5 Ne5 36. Ne3 Ke7 37. Ke2 Kd6 38. b4 a6 39. Kd2 Nc6 40. Nc4+
Kd5 41. Kd3 Nd8 42. Ne3+ Kc6 43. Kc4 Nb7 44. a4 Nd6+ 45. Kd4 f6 46. Nd5 Ne8 47.
Ne7+ Kd6 48. Nxg6 Nc7 49. Nf4 Ne8 50. Nd3 Kc6 51. Nc5 Nc7 52. Kc4 Kb6 53. Nd7+
1-0

[Event "Druzynowe Mistrzostw Polski Juniorow - II Liga"]
[Site "Wroclaw"]
[Date "1899-12-30"]
[Round "1.67"]
[White "Paprocki, Antoni"]
[Black "May, Jakub"]
[Result "1-0"]
[WhiteTitle "I++"]
[BlackTitle "II"]
[WhiteElo "1981"]
[BlackElo "1271"]

1. e4 c5 2. Nf3 Nc6 3. Nc3 g6 4. d4 cxd4 5. Nxd4 Bg7 6. Be3 d6 7. Qd2 Bd7 8. O-O-O
h5 9. Bc4 a6 10. f3 Nf6 11. Kb1 b5 12. Bb3 Na5 13. h3 Nxb3 14. cxb3 b4 15. Nce2
a5 16. g4 h4 17. g5 Ng8 18. f4 Rb8 19. f5 a4 20. fxg6 fxg6 21. bxa4 Bxa4 22. Ne6
Qd7 23. Nxg7+ Kf7 24. Rhf1+ Kxg7 25. Bd4+ e5 26. Bxe5+ dxe5 27. Qd3 Qd6 28. Qxd6
Bd7 1-0

[Event "Druzynowe Mistrzostw Polski Juniorow - II Liga"]
[Site "Wroclaw"]
[Date "1899-12-30"]
[Round "1.68"]
[White "Rychlik, Michal"]
[Black "Herka, Jakub"]
[Result "0-1"]
[WhiteTitle "II"]
[BlackTitle "I"]
[WhiteElo "1354"]
[BlackElo "1433"]

1. c4 Nf6 2. Nc3 e6 3. Nf3 d5 4. d4 Bb4 5. Qa4+ Nc6 6. e3 O-O 7. Qc2 Re8 8. a3
Bxc3+ 9. bxc3 Ne7 10. cxd5 exd5 11. Bd3 Ng6 12. O-O Bg4 13. Nd2 c5 14. dxc5 Rc8
15. Nb3 Nd7 16. Bb5 Re7 17. a4 a6 18. Be2 Bxe2 19. Qxe2 Re4 20. Ba3 Rxa4 21. Bb4
Rxa1 22. Rxa1 Nf6 23. Nd4 Ne7 24. Nb3 Nc6 25. Qd3 Qc7 26. h3 h6 27. Rd1 Qe5 28.
Ba3 Qc7 29. Rb1 Ne5 30. Qf5 Nc4 31. Bc1 Rd8 32. Qd3 Ne4 33. Qd4 Rd7 34. Ra1 Nf6
35. Ba3 Nxa3 36. Rxa3 Rd8 37. Ra1 Rc8 38. Rd1 Qc6 39. Rb1 Qc7 40. Rd1 Qc6 41.
Rb1 Qc7 42. Rd1 Ne4 43. Rd3 Nxc5 44. Nxc5 Qxc5 45. Qxd5 Qxd5 46. Rxd5 Rxc3 47.
Rd8+ Kh7 48. Rd7 Rc1+ 49. Kh2 b5 50. Rxf7 b4 51. Rb7 Rb1 52. Ra7 Ra1 53. Rb7 a5
54. Rb5 Ra3 55. e4 Kg6 56. Rb6+ Kf7 57. e5 g5 58. Rxh6 0-1

[Event "Druzynowe Mistrzostw Polski Juniorow - II Liga"]
[Site "Wroclaw"]
[Date "1899-12-30"]
[Round "1.69"]
[White "Khimichenko, Dmytro"]
[Black "Kolendo, Tymon"]
[Result "1/2-1/2"]
[WhiteTitle "II+"]
[BlackTitle "III"]
[WhiteElo "1412"]
[BlackElo "1126"]

1. e4 e6 2. d4 d5 3. exd5 exd5 4. Bd3 Bd6 5. Nf3 Nf6 6. O-O O-O 7. Bg5 Bg4 8. h3
Bh5 9. Nbd2 Nbd7 10. c3 c6 11. Qc2 Qc7 12. Rae1 Rfe8 13. Nh4 Bg6 14. Nxg6 hxg6
15. Nf3 Nh5 16. Rxe8+ Rxe8 17. Re1 Rxe1+ 18. Nxe1 Nf4 19. Bf1 Nf8 20. g3 Nh5 21.
Be3 Bxg3 22. fxg3 Qxg3+ 23. Ng2 Qxh3 24. Bf2 Ng3 25. Bxg3 Qxg3 26. Qd3 Qxd3 27.
Bxd3 f5 28. Kf2 Kf7 29. Ne1 Kf6 30. Nf3 Nd7 31. Kg3 g5 32. Nd2 g6 33. a4 g4 34.
a5 Kg5 35. Nb3 f4+ 36. Kg2 b6 37. axb6 axb6 38. Nd2 Kh5 39. Ba6 Kh4 40. Bd3 g5
41. Bf5 Nb8 42. Nf1 g3 43. Nd2 g4 44. Bc8 Kg5 45. Nf1 Kh4 46. Nd2 Kg5 47. Nf1
1/2-1/2

[Event "Druzynowe Mistrzostw Polski Juniorow - II Liga"]
[Site "Wroclaw"]
[Date "1899-12-30"]
[Round "1.71"]
[White "Pudelko, Magdalena"]
[Black "Lazniewska, Zofia"]
[Result "1-0"]
[WhiteTitle "I++"]
[BlackTitle "I+"]
[WhiteElo "1461"]
[BlackElo "1561"]

1. e4 c5 2. Nf3 Nc6 3. d4 cxd4 4. Nxd4 g6 5. Be3 Bg7 6. Qd2 Nf6 7. f3 O-O 8. Nc3
d5 9. O-O-O dxe4 10. Qe1 Bd7 11. fxe4 Qc8 12. Nd5 Nxd5 13. exd5 Nxd4 14. Bxd4
Bf5 15. Qf2 Bxd4 16. Rxd4 Qc5 17. Rd2 Rac8 18. Qxc5 Rxc5 19. Be2 Rfc8 20. c3 b5
21. Kd1 b4 22. c4 Be4 23. Rg1 a5 24. Ke1 Rd8 25. Kf2 Rd6 26. Ke3 f5 27. Kd4 Rc7
28. Bd3 Bxd3 29. Rxd3 Kf7 30. c5 Rd8 31. Re1 Rcd7 32. Kc4 h5 33. Re6 Ra7 34. Rb6
Rc8 35. Kb5 Rd8 36. c6 Ke8 37. Rb7 Raa8 38. Kc5 Ra6 39. Re3 a4 40. Rexe7+ Kf8
41. Rh7 Kg8 42. c7 Rc8 43. Rd7 Raa8 44. Rd6 Kf8 45. Rdb6 Ke7 46. Kc6 a3 47. b3
Ke8 48. Rb8 Raxb8 49. Rxb8 1-0

[Event "Druzynowe Mistrzostw Polski Juniorow - II Liga"]
[Site "Wroclaw"]
[Date "1899-12-30"]
[Round "1.72"]
[White "Michalska, Lena"]
[Black "Walerjan, Ada"]
[Result "1-0"]
[WhiteTitle "I"]
[BlackTitle "I"]
[WhiteElo "1324"]
[BlackElo "1275"]

1. d4 d5 2. c4 e6 3. Nc3 Nf6 4. e3 Be7 5. Bd3 Nbd7 6. Nf3 b6 7. a3 a5 8. Rb1 Bb7
9. b4 axb4 10. axb4 dxc4 11. Bxc4 O-O 12. O-O Ne4 13. Nxe4 Bxe4 14. Bd3 Bxd3 15.
Qxd3 Bf6 16. Bb2 Qe7 17. Rfc1 Ra7 18. Qd2 Rd8 19. e4 Ne5 20. Nxe5 Bxe5 21. f4
Bd6 22. Bc3 e5 23. fxe5 Bxe5 24. Qf2 Bf6 25. e5 Bg5 26. Rf1 Ra3 27. Qb2 Rda8 28.
Ra1 Rxa1 29. Rxa1 Rxa1+ 30. Qxa1 h6 31. Qa8+ Kh7 32. Qe4+ Kg8 33. g3 Qd7 34. d5
Be7 35. Kg2 Qe8 36. Qc4 Bd8 37. b5 Qd7 38. e6 Qd6 39. Bb4 Qe5 40. exf7+ Kxf7 41.
Bc3 Qd6 42. Qf4+ Qxf4 43. gxf4 Bf6 44. Bb4 Ke8 45. Kf3 Be7 46. Bc3 Kf7 47. Ke4
Bf6 48. Be5 Bd8 49. Kf5 g6+ 50. Kg4 h5+ 51. Kg3 Ke7 52. h3 Kd7 53. Kf3 Be7 54.
Ke4 Bd6 55. Bf6 Be7 56. Ke5 Bd6+ 57. Ke4 Be7 58. Be5 Bd6 59. h4 Be7 60. Bc3 Bxh4
61. Bb4 Be7 62. Bc3 Bc5 63. Be5 Bd6 64. Kf3 Be7 65. Kg3 Bd8 66. Kh3 Ke8 67. Bd4
Kf7 68. Be5 Kg8 69. Kg3 Kh7 70. Kh3 Kh6 71. Kg3 g5 72. f5 g4 73. f6 Kg6 74. Kf4
g3 75. Kxg3 h4+ 76. Kg4 Kf7 77. Kf5 Ke8 78. Ke6 h3 79. Bf4 h2 80. Bxh2 Kf8 81.
Bf4 Bxf6 1-0

[Event "Druzynowe Mistrzostw Polski Juniorow - II Liga"]
[Site "Wroclaw"]
[Date "1899-12-30"]
[Round "1.73"]
[White "Guzik, Michal"]
[Black "Zarebska, Lena"]
[Result "1-0"]
[WhiteTitle "II+"]
[BlackTitle "k"]
[WhiteElo "1413"]
[BlackElo "1805"]

1. e4 c5 2. Nf3 Nc6 3. d4 cxd4 4. Nxd4 Nf6 5. Nc3 e5 6. Ndb5 d6 7. Nd5 Nxd5 8.
exd5 Nb8 9. c4 Be7 10. Bd3 O-O 11. O-O f5 12. f3 a6 13. Nc3 Bg5 14. f4 exf4 15.
Bxf4 Qb6+ 16. Kh1 Bxf4 17. Rxf4 g6 18. Na4 Qc7 19. Rf2 Nd7 20. b4 a5 21. a3 axb4
22. axb4 Ne5 23. c5 Bd7 24. Bc2 Ng4 25. Re2 Bb5 26. Bd3 Bxa4 27. Rxa4 Rxa4 28.
Qxa4 dxc5 29. g3 c4 30. Bc2 Qd6 31. Qb5 f4 32. Re6 Qc7 33. d6 Qg7 34. Qxc4 Qa1+
35. Re1+ Kg7 36. Rxa1 fxg3 1-0

[Event "Druzynowe Mistrzostw Polski Juniorow - II Liga"]
[Site "Wroclaw"]
[Date "1899-12-30"]
[Round "1.74"]
[White "Sloniewska, Alicja"]
[Black "Mastej, Krzysztof"]
[Result "1/2-1/2"]
[WhiteTitle "I++"]
[BlackTitle "II"]
[WhiteElo "1735"]
[BlackElo "1355"]

1. d4 Nf6 2. c4 e6 3. Nc3 Bb4 4. e3 b6 5. Nge2 Ba6 6. a3 Bxc3+ 7. Nxc3 d5 8. b3
O-O 9. Bd3 Bb7 10. O-O Nbd7 11. Qc2 dxc4 12. Bxc4 c5 13. dxc5 Nxc5 14. Bb2 Nfe4
15. Rad1 Qg5 16. f4 Qg6 17. b4 Nxc3 18. Qxg6 hxg6 19. Bxc3 Ne4 20. Bd4 Rac8 21.
Bd3 Rfd8 22. Rfe1 Kf8 23. Kf1 Nc3 24. Rd2 Ne4 25. Rb2 Rd7 26. Rbe2 Rdc7 27. Bb2
Rd8 28. Bd4 Rdc8 29. Bb2 Rd8 30. Bd4 Rdc8 1/2-1/2

[Event "Druzynowe Mistrzostw Polski Juniorow - II Liga"]
[Site "Wroclaw"]
[Date "1899-12-30"]
[Round "1.75"]
[White "Oberc, Szymon"]
[Black "Sloniewski, Wojciech"]
[Result "1/2-1/2"]
[WhiteTitle "II"]
[BlackTitle "II"]
[WhiteElo "1107"]
[BlackElo "1062"]

1. e4 c5 2. Nf3 e6 3. d4 cxd4 4. Nxd4 Nc6 5. Be3 Qc7 6. Nc3 a6 7. Qd2 Nf6 8. f3
Bb4 9. O-O-O Nxd4 10. Bxd4 e5 11. Be3 Bxc3 12. Qxc3 Qxc3 13. bxc3 b5 14. Be2 Bb7
15. Rd6 Rc8 16. Kb2 Ke7 17. Rhd1 Rc6 18. Rxc6 Bxc6 19. Bc5+ Kd8 20. c4 Kc8 21.
cxb5 Bxb5 22. Bxb5 axb5 23. Rd6 Kc7 24. Rb6 Ra8 25. Kb3 Rb8 26. Rxb8 Kxb8 27.
Bd6+ Kb7 28. Bxe5 Ne8 29. Kb4 Kc6 30. h3 f6 31. Bg3 d6 32. c4 Nc7 33. cxb5+ Nxb5
34. Bf2 Nc7 35. Kc4 d5+ 36. exd5+ Nxd5 37. g3 g5 38. h4 gxh4 39. gxh4 Nf4 40.
a4 Ne6 41. a5 Kb7 42. Bb6 Ka6 43. Kb4 Nf4 44. Ka4 Nd5 45. Bd4 f5 46. h5 Nf4 47.
h6 Nd5 48. Be5 Ne3 49. f4 Ng4 50. Bg7 Ne3 51. Bf6 Ng4 52. Bg7 Ne3 53. Bf6 Ng4
54. Bg5 Ne3 55. Bf6 Ng4 56. Bg5 1/2-1/2

[Event "Druzynowe Mistrzostw Polski Juniorow - II Liga"]
[Site "Wroclaw"]
[Date "1899-12-30"]
[Round "1.77"]
[White "Niedorys, Karolina"]
[Black "Anyz, Monika"]
[Result "0-1"]
[WhiteTitle "I+"]
[BlackTitle "I++"]
[WhiteElo "1495"]
[BlackElo "1792"]

1. e4 c5 2. Nf3 Nc6 3. d4 cxd4 4. Nxd4 g6 5. Nc3 Bg7 6. Be3 Nf6 7. f3 O-O 8. Qd2
d5 9. Nxc6 bxc6 10. exd5 Nxd5 11. Bd4 e5 12. Bc5 Re8 13. Ne4 Qc7 14. Nd6 Rd8 15.
c4 Bf8 16. cxd5 Bxd6 17. Bxd6 Qxd6 18. Bc4 cxd5 19. Bb3 Be6 20. O-O d4 21. Bxe6
Qxe6 22. Qd3 Rac8 23. a3 Qb6 24. Rab1 Rc7 25. Kh1 Rdc8 26. Qe4 Qd6 27. Qd3 Rc2
28. Rfd1 Qf6 29. Rd2 Rc1+ 30. Rxc1 Rxc1+ 31. Rd1 Qf4 32. Qf1 Rxd1 33. Qxd1 Qe3
34. h3 d3 35. Qb3 Qe1+ 36. Kh2 d2 37. Qb8+ Kg7 38. Qxa7 d1=Q 0-1

[Event "Druzynowe Mistrzostw Polski Juniorow - II Liga"]
[Site "Wroclaw"]
[Date "1899-12-30"]
[Round "1.78"]
[White "Zapalowska, Wiktoria"]
[Black "Mansz, Martyna"]
[Result "1-0"]
[WhiteTitle "I"]
[BlackTitle "I"]
[WhiteElo "1528"]
[BlackElo "1226"]

1. e4 e5 2. Nf3 Nf6 3. Nxe5 d6 4. Nf3 Nxe4 5. Nc3 Nxc3 6. dxc3 Nc6 7. Be3 Be7 8.
Qd2 Bf5 9. O-O-O Qd7 10. Bc4 a6 11. Nd4 Ne5 12. Bb3 Bg6 13. f4 Ng4 14. f5 Bh5
15. Rdf1 c5 16. Ne2 Nxe3 17. Qxe3 Bxe2 18. Qxe2 O-O 19. g4 b5 20. Bd5 Rac8 21.
h4 h6 22. Kb1 c4 23. g5 Kh7 24. f6 Bxf6 25. Qe4+ g6 26. Rxf6 Rce8 27. Qf4 h5 28.
Bxf7 1-0